000 00780cam a22002654a 4500
999 _c8864
_d8864
001 8864
003 BD-JhCC
005 20180714175044.0
008 100518s1961 nyua 000 0 eng
035 _a(BD-JhCC)8864
040 _aDLC
_cDLC
_dDLC
_dBD-JhCC
041 _aeng
050 0 0 _aTA350
_b.M387 2011
082 0 0 _a620.1/04
_222
_bCOO 1961
100 _aCook, David I.
245 1 0 _aEngineering mechanics dynamics /
_cDavid I. Cook and Donald N. Pierce
260 _aNew York :
_bInternational Textbook Company,
_c1961
300 _a336 p. :
_bill. ;
_c24 cm.
504 _aIncludes index.
650 0 _aMechanics, Applied
_vOutlines, syllabi, etc.
650 0 _aDynamics
_vOutlines, syllabi, etc.
700 _aPierce, Donald N.
942 _2ddc
_cBK